000
00292nam a22001217a 4500
041
_a
ENG
100
_a
Staveren.J.L
245
_a
Drainage Principles and Applications
260
_a
Netherlands
_b
International Institute for Land
_c
1973
300
_a
638
650
_a
IDE
856
_u
M.Tech ( 7 )
999
_c
1061
_d
1061